000 01310nam a2200277 i 4500
003 IT-RoINE
005 20200423125510.0
008 160210s2015 sp a |r|||| 000|| spa|d
020 _a9788496186972
040 _aSpMaBN
_cSpMaBN IT-RoINE
_dIT-RoINE
245 0 0 _aHacienda, mercado y poder :
_bal norte de la Corona de Castilla en el tránsito del medievo a la modernidad /
_cErnesto García Fernández, Juan A. Bonachía Hernando (editores).
260 _aValladolid :
_bCastilla Ediciones,
_c2015.
300 _a527 p. :
_bil., gráf., mapas ;
_c24 cm.
336 _aTexto (visual)
_2isbdcontent
337 _2rdamedia
_aunmediated
338 _2rdacarrier
_avolume
490 1 _aColección de historia
500 _aParte del proyecto I+D "Poder, sociedad y fiscalidad en la Corona de Castilla: un estudio comparado de la Meseta Norte y de la Cornisa Cántabra en el tránsito del medievo a la modernidad" (HAR2011-27016-C02).
504 _aIncluye referencias bibliográficas.
650 4 _915028
_aHacienda pública
_xHistoria
_zEspaña
651 4 _911350
_aEspaña
_xCondiciones económicas
_ySiglos 16o.-17o.
700 1 _aGarcía Fernández, Ernesto,
_d1957-
_914129
700 1 _aBonachía, Juan Antonio
_912625
830 0 _aColección de historia (Castilla Ediciones)
_922939
942 _cMTS
999 _c11221
_d11221